00395nam a2200133Ia 4500082001200000100001600012245008300028260003500111300000800146650003700154650002400191650002800215710001800243 aTA.0195 aAshok Kumar 0aEthics of John Dewey in the context of social change in U.S.A. in 20th century c1982bBanaras Hindu University a247 aUnited StatesvSocial conditions aAmerican Philosophy aDewey, JohnvPhilosophy aRaman, N.S.S.